01385nam a2200277Ia 4500952009900000952010500099952009800204999001700302008004100319020001500360050002400375082002200399110004500421245011000466260006600576300001800642490004900660500006000709504003900769505014900808519004300957519004301000650002301043650003401066942000701100 00104070a08b08d2009-02-05l0oHM821.M4 E68 2006p08 002292r2012-07-20t1w2012-07-20yLB 00102lcc4070a03b03d2018-05-29l0oHM821.M4 E68 2006p03 005015r2018-05-29t1w2018-05-29yLB 00104070a22b22d2020-01-16l0o320.472 P752 v.3p01 015210r2020-01-16t1w2020-01-16yLB c82097d82097120721s2006 mx 000 0 spa d a9707126396 aHM821.M4 bE68 2006 a320.472bP752 v.3 aMéxico. Poder Judicial de Federación13aLa equidad de genero en el Poder Judicial de la Federaciónc / Suprema Corte de Justicia de la Nación aMéxicob : Suprema Corte de Justicia de la Naciónc, 2006 a127 páginas aSerie el Poder Judicial Contemporáneov; 3 aIncluye Normativa Nacional e Internacional (pp.125-127) aBibliohemerografía (pp. 115-124) aLa igualdad El género La equidad de género La equidad de género enn México Equidad de género en el poder judicial de la federación  aMaterial Complementario /d(03 005015) aMaterial Complementario /d(01 015210)10aIGUALDADzMÉXICO20aEQUIDAD DE GÉNEROzMÉXICO cLB